Roue de la fortune - Mort subite - Statistiques

Statistiques générales
  • Ce quiz a été pris 305 fois
  • Le résultat moyen est 23 sur 32
Statistiques - réponses
% Correct
'
100%
E
97%
E
97%
E
97%
E
97%
E
97%
A
96%
L
79%
L
79%
O
76%
R
73%
R
73%
R
73%
S
72%
S
72%
S
72%
S
72%
S
72%
U
72%
U
72%
U
72%
U
72%
U
72%
U
72%
N
64%
D
55%
D
55%
D
55%
C
50%
C
50%
Q
48%
Q
48%
Aucun quiz correspondant
Distribution des résultats
% des personnes avec chaque résultat
Percentile par nombre de réponses
Votre historique - résultats
Vous n’avez pas pris ce quiz